000 00497nam a2200169Ia 4500
005 20250508151358.0
008 008 250505s9999 xx 000 0 eng d
037 _aTextual
040 _aFEDL
_beng
_cFEDL
041 _aeng
_2eng
084 _a759.4, MAN
_qFEDL
100 _aFaison S Lane
245 0 _aEdouard manet, 1832-1983
260 _aNew York, USA
_bHarry N Abrams, Inc. in Association with Pocket Books
_c1954
942 _cTEXL
_h759.4, MAN
999 _c1329386
_d1329386